Statistics for Las Vegas Raiders: Most Passing TDs Each Year

Click here to take the quiz!

General Stats

  • This quiz has been taken 106 times
    (53 since last reset)
  • The average score is 28 of 60

Answer Stats

Year Player TDs % Correct
2014Derek Carr21
97%
1999Rich Gannon24
87%
1973Ken Stabler14
76%
2008JaMarcus Russell13
74%
1980Jim Plunkett18
66%
2011Carson Palmer13
53%
1967Daryle Lamonica30
39%
2010Jason Campbell13
37%
2004Kerry Collins21
32%
1997Jeff George29
32%
1988Jay Schroeder13
26%
2007Josh McCown10
21%
1993Jeff Hostetler14
21%
2006Andrew Walter / Aaron Brooks3
21%
2013Matt McGloin8
21%
1981Marc Wilson14
18%
2009Bruce Gradkowski6
18%
1960Tom Flores12
11%
1989Steve Beuerlein13
8%
1962Cotton Davidson7
0%
1998Donald Hollas10
0%

Score Distribution

Percentile by Number Answered

Percent of People with Each Score

Your Score History

You have not taken this quiz since the last reset